True and Fair View of the Financial Position Versus Acceptance of the Relevant Financial Reporting Framework – Auditor’s Dilemma

Gespeichert in:
Bibliographische Detailangaben
1. Verfasser: Kareš, Ladislav
Weitere Verfasser: Kňažková, Veronika, 1986-, Krišková, Petra, 1981-
Format: Buchkapitel
Sprache:Englisch
Tags: Tag hinzufügen
Keine Tags, Fügen Sie das erste Tag hinzu!

MARC

LEADER 00000nla a2200000 4500
001 0186392
005 20240502083438.9
041 0 |a eng 
044 |a CZ 
245 1 0 |a True and Fair View of the Financial Position Versus Acceptance of the Relevant Financial Reporting Framework – Auditor’s Dilemma  |c Ladislav Kareš, Veronika Kňažková, Petra Krišková 
500 |a Abstrakt 
100 1 |a Kareš, Ladislav 
700 1 |a Kňažková, Veronika, 1986- 
700 1 |a Krišková, Petra, 1981-